Presidents without a Vice President - Statistics

General Stats
  • This quiz has been taken 22 times
  • The average score is 14 of 17
Answer Stats
Hint Answer % Correct
No VP for part of term Lyndon B.Johnson
94%
No VP for part of term Richard M. Nixon
94%
No VP for full term Andrew Johnson
88%
No VP for part of term Gerald R. Ford
88%
No VP for part of term Calvin Coolidge
82%
No VP for part of term Harry S. Truman
82%
No VP for full term John Tyler
82%
No VP for part of term Theodore Roosevelt
82%
No VP for part of term Ulysses S. Grant
82%
No VP for full term Chester A. Arthur
76%
No VP for part of term Franklin Pierce
76%
No VP for full term Millard Fillmore
76%
No VP for part of term William Howard Taft
76%
No VP for part of term Andrew Jackson
71%
No VP for part of term Grover Cleveland
71%
No VP for part of term William McKinley
71%
No VP for part of term James Madison
65%
No matching quizzes found
Score Distribution
Percent of People with Each Score
Percentile by Number Answered
Your Score History
You have not taken this quiz